Julius Meinl International annual report 1996
Guardado en:
| Formato: | Libro |
|---|---|
| Lenguaje: | inglés |
| Publicado: |
Vienna
Julius Meinl
1997
|
| Materias: | |
| Etiquetas: |
Sin Etiquetas, Sea el primero en etiquetar este registro!
|
MARC
| LEADER | 00000nam a2200000 4500 | ||
|---|---|---|---|
| 001 | c108382 | ||
| 005 | 20221124073559.4 | ||
| 041 | 0 | |a eng | |
| 044 | |a AT | ||
| 245 | 1 | 0 | |a Julius Meinl International |b annual report 1996 |
| 264 | 1 | |a Vienna |b Julius Meinl |c 1997 | |
| 300 | |a 56 s. | ||
| 610 | 2 | 0 | |a káva |
| 610 | 2 | 0 | |a potraviny |
| 610 | 2 | 0 | |a pracovníci riadiaci |
| 610 | 2 | 0 | |a filiálky |
| 610 | 2 | 0 | |a účtovníctvo |
| 610 | 2 | 0 | |a financie |
| 610 | 2 | 0 | |a bilancie |
| 610 | 2 | 0 | |a zisk |
| 610 | 2 | 0 | |a strata |
| 610 | 2 | 0 | |a cash flow |
| 610 | 2 | 0 | |a Rakúsko |